| 000 | 00369nam a2200157Ia 4500 | ||
|---|---|---|---|
| 005 | 20250423101032.0 | ||
| 008 | 250422s9999 xx 000 0 und d | ||
| 020 | _a9781413033960 | ||
| 245 | 0 | _aStudent course guide for the writer’s circle | |
| 250 | _a2nd ed. | ||
| 260 | _aUnited State | ||
| 260 | _bThomson | ||
| 260 | _c2009 | ||
| 300 | _a108 p | ||
| 942 | _cBK | ||
| 999 |
_c35087 _d35087 |
||